Exportní příležitosti: USA
Americká ekonomika a jej vplyv na svetovú ekonomiku. Geografické špecifiká trhu, demografické vplyvy a etnické menšiny. Obchodná výmena ČR - USA v rokoch 1999 - 2003. Vláda USA - najväčší americký zákazník. Priemyslový outsourcing, outsourcing myšlienok, duševnej práce. Profesionálne služby pre amer...
Guardado en:
| Autor principal: | |
|---|---|
| Formato: | Capítulo de libro |
| Lenguaje: | checo |
| Materias: | |
| Etiquetas: |
Sin Etiquetas, Sea el primero en etiquetar este registro!
|
MARC
| LEADER | 00000naa$a2200000$$$4500 | ||
|---|---|---|---|
| 001 | 0023596 | ||
| 005 | 20230908091013.8 | ||
| 041 | 0 | |a cze | |
| 044 | |a CZ | ||
| 245 | 1 | 0 | |a Exportní příležitosti: USA |c Jiří Kuliš |
| 520 | |a Americká ekonomika a jej vplyv na svetovú ekonomiku. Geografické špecifiká trhu, demografické vplyvy a etnické menšiny. Obchodná výmena ČR - USA v rokoch 1999 - 2003. Vláda USA - najväčší americký zákazník. Priemyslový outsourcing, outsourcing myšlienok, duševnej práce. Profesionálne služby pre americké firmy v Európe. Prekážky obchodu. | ||
| 610 | 2 | 0 | |a obchod zahraničný |
| 610 | 2 | 0 | |a styk zahraničnoobchodný |
| 610 | 2 | 0 | |a USA |
| 610 | 2 | 0 | |a Česko |
| 610 | 2 | 0 | |a trh zahraničný |
| 610 | 2 | 0 | |a vývoz |
| 610 | 2 | 0 | |a vzťahy hospodárske vonkajšie |
| 100 | 1 | |a Kuliš, Jiří | |